000 00368cam a22001337a 4500
008 180718b1997 xxu||||| |||| 00| 0 eng d
020 _a8185565783
082 _aB3 P212
100 _aParanjpe, Nalini
245 _aAdministrative reforms in India
_cby Nalini Paranjpe
260 _aNew Delhi
_bUPPAL
_c1997
300 _a139p.
650 _aAdministrative reforms -India
999 _c382438
_d382438